000 00883cam a22001934a 4500
005 20250605164019.0
008 250528s ||||||||||||||||||||||||d
035 _a16268
020 _a201566117
040 _aGR-AtMCL
_bgre
_dGR-AtMCL
_eAACR2
245 1 _aFundamentals of Engineering Electromagnetics
260 _bAddison-Wesley Publishing Company,
_c1993
300 _a498
520 _aThe Electromagnetic Model, Vector Analysis, Static Electric Fields, Steady Electric Currents, Static Magnetic Fields, Time-Varying Fields and Maxwell's Equations, Plane Electromagnetic Waves, Transimission Lines, Wavequides and Cavity Resonators, Antennas and Antenna Arrays, Symbols and Units, Some Useful Material Constants, Bilbiography, Answers to Odd Numbered Problems, Index, Back Endpapers.
700 1 _aCheng David K
_92350
942 _cBK
999 _c1786
_d1786